[Event "Kiev Spring op"]
[Site "Kiev"]
[Date "2023.03.25"]
[Round "1"]
[White "Shepelev, Igor"]
[Black "Karpinets, Andrian"]
[Result "1/2-1/2"]
[WhiteElo "2076"]
[BlackElo "1398"]
[PlyCount "70"]
[EventDate "2023.03.25"]
[EventType "swiss"]
[EventRounds "9"]
[EventCountry "UKR"]
[SourceTitle "EXT 2024"]
[Source "ChessBase"]
[SourceDate "2023.10.10"]
[SourceVersion "1"]
[SourceVersionDate "2023.10.10"]
[SourceQuality "1"]

1. d4 d5 2. Nf3 Nf6 3. g3 e6 4. Bg2 Be7 5. 0-0 0-0 6. c4 c6 7. Qc2 dxc4 8. Qxc4 b5 9. Qc2 Bb7 10. Nbd2 Qb6 11. Nb3 Nbd7 12. Ne5 Nxe5 13. dxe5 Nd5 14. e4 Nb4 15. Qe2 c5 16. Be3 Nc6 17. f4 Rfd8 18. Qf2 Nd4 19. Rac1 a5 20. Rfd1 Rac8 21. Nxd4 cxd4 22. Rxc8 dxe3 23. Rcxd8+ Bxd8 24. Qe2 Be7 25. Bf3 Bb4 26. Rd3 Bc5 27. Kg2 b4 28. Qd1 g6 29. h4 Kg7 30. f5 exf5 31. exf5 gxf5 32. Kh2 Ba6 33. Rd7 Bb5 34. Rd5 Bc4 35. Rd7 Bb5 1/2-1/2

[Event "IBCA World-chT blind 9th"]
[Site "Ohrid"]
[Date "2022.07.02"]
[Round "5.1"]
[White "Gashi, Gani1111"]
[Black "Shepelev, Igor"]
[Result "0-1"]
[WhiteElo "1738"]
[BlackElo "2090"]
[PlyCount "58"]
[EventDate "2022.06.28"]
[EventType "team-swiss"]
[EventRounds "9"]
[EventCountry "MKD"]
[SourceTitle "EXT 2024"]
[Source "ChessBase"]
[SourceDate "2023.10.10"]
[SourceVersion "1"]
[SourceVersionDate "2023.10.10"]
[SourceQuality "1"]
[WhiteTeam "Kosovo"]
[BlackTeam "Ukraine"]
[WhiteTeamCountry "KOS"]
[BlackTeamCountry "UKR"]

1. e4 c5 2. c3 d5 3. e5 Bf5 4. h3 h5 5. d4 e6 6. Nf3 Nc6 7. Bd3 Nh6 8. Bxh6 Rxh6 9. Bxf5 exf5 10. Qb3 g5 11. Nbd2 cxd4 12. Nxd4 Nxd4 13. cxd4 Rb6 14. Qf3 Rxb2 15. a3 Qa5 16. Rd1 Rc8 17. Qxf5 Rc6 18. Qd3 Rcc2 19. Ke2 Bxa3 20. Rhe1 Rxd2+ 21. Rxd2 Rxd2+ 22. Qxd2 Qxd2+ 23. Kxd2 Bb4+ 24. Kd1 Bxe1 25. Kxe1 h4 26. Kd2 a5 27. Kc3 b5 28. g3 g4 29. gxh4 gxh3 0-1

[Event "IBCA World-chT blind 9th"]
[Site "Ohrid"]
[Date "2022.06.29"]
[Round "2.3"]
[White "Shepelev, Igor"]
[Black "Deville, Olivier"]
[Result "1-0"]
[WhiteElo "2090"]
[BlackElo "1752"]
[PlyCount "71"]
[EventDate "2022.06.28"]
[EventType "team-swiss"]
[EventRounds "9"]
[EventCountry "MKD"]
[SourceTitle "EXT 2024"]
[Source "ChessBase"]
[SourceDate "2023.10.10"]
[SourceVersion "1"]
[SourceVersionDate "2023.10.10"]
[SourceQuality "1"]
[WhiteTeam "Ukraine"]
[BlackTeam "France"]
[WhiteTeamCountry "UKR"]
[BlackTeamCountry "FRA"]

1. d4 Nf6 2. c4 e6 3. Nf3 Bb4+ 4. Nbd2 b6 5. g3 Bb7 6. Bg2 0-0 7. 0-0 Bxd2 8. Bxd2 d6 9. b4 Nbd7 10. Bc3 Qe7 11. Qc2 Be4 12. Qb2 c5 13. dxc5 bxc5 14. b5 Nb6 15. Bxf6 Qxf6 16. Qxf6 gxf6 17. Rfc1 Na4 18. Nd2 Bxg2 19. Kxg2 Rfd8 20. Rab1 Kf8 21. Rb3 Ke7 22. Ra3 Nb6 23. Ra6 Nd7 24. Rc3 Rdb8 25. Rca3 Rb7 26. Nb3 Nb8 27. R6a4 Kd7 28. e4 Kc7 29. Na5 Rb6 30. g4 d5 31. exd5 exd5 32. cxd5 Rxb5 33. Nc4 a6 34. Rh3 Ra7 35. Rxh7 Kd8 36. Nd6 1-0

[Event "IBCA EU-chT blind 2nd"]
[Site "Calimanesti"]
[Date "2019.10.08"]
[Round "4.4"]
[White "Bjelanovic, Mile"]
[Black "Shepelev, Igor"]
[Result "0-1"]
[WhiteElo "1948"]
[BlackElo "2088"]
[PlyCount "114"]
[EventDate "2019.10.05"]
[EventType "team-swiss"]
[EventRounds "9"]
[EventCountry "ROU"]
[SourceTitle "CBM 192 Extra"]
[Source "Chessbase"]
[SourceDate "2019.11.06"]
[SourceVersion "1"]
[SourceVersionDate "2019.11.06"]
[SourceQuality "1"]
[WhiteTeam "Serbia"]
[BlackTeam "Ukraine"]
[WhiteTeamCountry "SRB"]
[BlackTeamCountry "UKR"]

1. e4 e5 2. Bc4 Nf6 3. d3 c6 4. Nf3 d5 5. Bb3 Bb4+ 6. c3 Bd6 7. exd5 Nxd5 8. 0-0 0-0 9. Nbd2 Bc7 10. Ne4 Bg4 11. Bg5 f6 12. Bh4 g5 13. Bg3 h6 14. h3 Bh5 15. Bh2 f5 16. Ng3 Bg6 17. Re1 Nd7 18. Qd2 Kg7 19. Rad1 a5 20. a4 Qf6 21. d4 e4 22. Ne5 Nxe5 23. dxe5 Bxe5 24. Bxd5 Rad8 25. Qe2 cxd5 26. Qb5 Bxg3 27. fxg3 d4 28. cxd4 Rxd4 29. Qxb7+ Rf7 30. Qb5 Rb4 31. Qxa5 Rxb2 32. Kh1 Kh7 33. Bg1 Ra2 34. Bd4 Qe7 35. Qa8 Rf8 36. Qd5 Rc2 37. Rc1 Rd8 38. Qe5 Qxe5 39. Bxe5 Rdd2 40. Rxc2 Rxc2 41. Kg1 Be8 42. Ra1 Rc5 43. Bf6 Rc2 44. Bd4 Rc4 45. Be3 Bxa4 46. h4 Kg6 47. Rb1 Rc3 48. Re1 Kh5 49. Kf2 Kg4 50. hxg5 hxg5 51. Re2 Bb5 52. Rb2 Bc6 53. Ra2 f4 54. gxf4 gxf4 55. Bb6 e3+ 56. Kg1 Kg3 57. Ra1 Rc2 0-1

[Event "IBCA EU-chT blind 01st"]
[Site "Warsaw"]
[Date "2016.07.31"]
[Round "8.3"]
[White "Shepelev, Igor"]
[Black "Siret, Bernard"]
[Result "1-0"]
[WhiteElo "2021"]
[BlackElo "1712"]
[PlyCount "61"]
[EventDate "2016.07.24"]
[EventType "team-swiss"]
[EventRounds "9"]
[EventCountry "POL"]
[SourceTitle "CBM 173 Extra"]
[Source "ChessBase"]
[SourceDate "2016.08.29"]
[SourceVersion "1"]
[SourceVersionDate "2016.08.29"]
[SourceQuality "1"]
[WhiteTeam "Ukraine"]
[BlackTeam "France"]
[WhiteTeamCountry "UKR"]
[BlackTeamCountry "FRA"]

1. d4 f5 2. Nc3 Nf6 3. Bg5 e6 4. e4 fxe4 5. Nxe4 Be7 6. Bxf6 Bxf6 7. Nf3 d5 8. Nxf6+ Qxf6 9. Bd3 Nc6 10. 0-0 g6 11. Bb5 Bd7 12. Qe2 0-0-0 13. Bxc6 Bxc6 14. a4 Rd6 15. b4 Rf8 16. Ne5 Be8 17. Rfb1 Qf4 18. c3 Rf5 19. b5 c5 20. g3 Qg5 21. h4 Qe7 22. dxc5 Rd8 23. c6 Qd6 24. b6 axb6 25. cxb7+ Kb8 26. Qa6 Rxe5 27. Rxb6 Qc5 28. Qa8+ Kc7 29. b8Q+ Rxb8 30. Qxb8+ Kd7 31. Qa7+ 1-0

[Event "IBCA Wch blind Gr2"]
[Site "Zaragoza"]
[Date "2013.06.16"]
[Round "5"]
[White "Shepelev, Igor"]
[Black "Znuderl, Matej"]
[Result "1-0"]
[WhiteElo "2113"]
[BlackElo "1992"]
[PlyCount "73"]
[EventDate "2013.06.12"]
[EventType "swiss"]
[EventRounds "7"]
[EventCountry "ESP"]
[SourceTitle "EXT 2014"]
[Source "ChessBase"]
[SourceDate "2013.11.20"]
[SourceVersion "1"]
[SourceVersionDate "2013.11.20"]
[SourceQuality "1"]

1. d4 d5 2. c4 e6 3. Nf3 Nf6 4. g3 Be7 5. Bg2 dxc4 6. Qa4+ Bd7 7. Qxc4 Bc6 8. 0-0 0-0 9. Nc3 a6 10. Qd3 b5 11. a3 Nbd7 12. e4 Nc5 13. Qc2 Bxe4 14. Nxe4 Ncxe4 15. Ne5 Qxd4 16. Nc6 Qd7 17. Bxe4 Nxe4 18. Qxe4 Bd6 19. Rd1 f5 20. Qf3 Qe8 21. Re1 f4 22. Qe4 fxg3 23. hxg3 Kh8 24. Kg2 Qf7 25. Be3 Rae8 26. Nd4 c5 27. Rh1 h6 28. Nb3 c4 29. Nd4 Kg8 30. Rad1 Bc5 31. Rh4 e5 32. Nf5 Bxe3 33. Nxe3 Qxf2+ 34. Kh3 Qf3 35. Qg6 Qxe3 36. Rd7 Qg5 37. Rxg7+ 1-0

[Event "IBCA-ol blind 14th"]
[Site "Chennai"]
[Date "2012.08.17"]
[Round "7.2"]
[White "Shepelev, Igor"]
[Black "Palacios Perez, Manuel"]
[Result "1-0"]
[WhiteElo "2117"]
[BlackElo "2166"]
[PlyCount "101"]
[EventDate "2012.08.10"]
[EventType "team-swiss"]
[EventRounds "9"]
[EventCountry "IND"]
[SourceTitle "CBM 149 Extra"]
[Source "ChessBase"]
[SourceDate "2012.08.24"]
[SourceVersion "1"]
[SourceVersionDate "2012.08.24"]
[SourceQuality "1"]
[WhiteTeam "Ukraine"]
[BlackTeam "Spain"]
[WhiteTeamCountry "UKR"]
[BlackTeamCountry "ESP"]

1. d4 Nf6 2. c4 e6 3. Nc3 Bb4 4. Nf3 Nc6 5. g3 0-0 6. Bg2 d6 7. Qd3 e5 8. 0-0 exd4 9. Nd5 Nxd5 10. cxd5 Ne5 11. Qxd4 Bc5 12. Qc3 Nxf3+ 13. Bxf3 Bh3 14. Rd1 Re8 15. b4 Bb6 16. Bb2 Qg5 17. Qd2 Qg6 18. Bd4 Bg4 19. Bxg4 Qxg4 20. e3 Bxd4 21. Qxd4 Re4 22. Qd2 Rae8 23. b5 R8e7 24. Rac1 h5 25. Rc3 h4 26. Rdc1 h3 27. Qd3 Qf3 28. Qf1 Rb4 29. Qxh3 Qxd5 30. Qc8+ Kh7 31. Rxc7 Rxc7 32. Qxc7 Rxb5 33. Qc2+ g6 34. Rd1 Qc5 35. Qe4 d5 36. Qe5 Qa3 37. Rd4 Rb4 38. Qxd5 Rb1+ 39. Kg2 Qe7 40. Rh4+ Kg7 41. Qd4+ f6 42. Re4 Qf7 43. Qd6 Rb6 44. Qd4 Qc7 45. Qa4 a6 46. Qe8 Qc6 47. Qe7+ Kh6 48. Qf8+ Kg5 49. h4+ Kf5 50. f3 g5 51. g4+ 1-0

[Event "IBCA-ol blind 14th"]
[Site "Chennai"]
[Date "2012.08.16"]
[Round "6.2"]
[White "Ross, Chris Neil"]
[Black "Shepelev, Igor"]
[Result "0-1"]
[WhiteElo "2231"]
[BlackElo "2117"]
[PlyCount "113"]
[EventDate "2012.08.10"]
[EventType "team-swiss"]
[EventRounds "9"]
[EventCountry "IND"]
[SourceTitle "CBM 149 Extra"]
[Source "ChessBase"]
[SourceDate "2012.08.24"]
[SourceVersion "1"]
[SourceVersionDate "2012.08.24"]
[SourceQuality "1"]
[WhiteTeam "Great Britain"]
[BlackTeam "Ukraine"]
[WhiteTeamCountry "GBR"]
[BlackTeamCountry "UKR"]

1. d4 d5 2. Nf3 Nf6 3. c4 e6 4. Nc3 Be7 5. cxd5 exd5 6. Qc2 0-0 7. Bg5 Nbd7 8. e3 Re8 9. Bd3 Nf8 10. h3 c6 11. 0-0 Ng6 12. Bxf6 Bxf6 13. b4 a6 14. a4 Be7 15. b5 axb5 16. axb5 Rxa1 17. Rxa1 Bd6 18. bxc6 bxc6 19. Ra8 Qc7 20. Bf5 Bd7 21. Qa4 Rxa8 22. Qxa8+ Nf8 23. Bxd7 Qxd7 24. Na4 f6 25. Nb6 Qc7 26. Nc8 Kf7 27. Nxd6+ Qxd6 28. Nd2 Ng6 29. Qb7+ Ne7 30. Nb3 h5 31. h4 Qd8 32. Qa7 Qc8 33. g3 g5 34. hxg5 fxg5 35. Nc5 h4 36. Nd7 hxg3 37. fxg3 g4 38. Kg2 Kg6 39. Ne5+ Kf6 40. Qa3 Qe6 41. Qa8 Ng6 42. Qd8+ Kf5 43. Qc7 Nxe5 44. dxe5 Ke4 45. Qd6 Qxe5 46. Qxc6 Qb2+ 47. Kg1 Qb1+ 48. Kf2 Qa2+ 49. Kg1 Qc4 50. Qb6 Qc1+ 51. Kg2 Qd2+ 52. Kf1 Qd1+ 53. Kg2 Qf3+ 54. Kh2 Qf2+ 55. Kh1 Qf1+ 56. Kh2 Qh3+ 57. Kg1 0-1

[Event "Vilnius Braille op"]
[Site "Vilnius"]
[Date "2012.07.06"]
[Round "5"]
[White "Shepelev, Igor"]
[Black "Altinok, Selim Eyup"]
[Result "1-0"]
[WhiteElo "2133"]
[BlackElo "1937"]
[PlyCount "34"]
[EventDate "2012.07.02"]
[EventType "swiss"]
[EventRounds "9"]
[EventCountry "LTU"]
[SourceTitle "EXT 2014"]
[Source "ChessBase"]
[SourceDate "2013.11.20"]
[SourceVersion "1"]
[SourceVersionDate "2013.11.20"]
[SourceQuality "1"]

1. d4 Nf6 2. c4 g6 3. Nc3 Bg7 4. e4 d6 5. f4 0-0 6. Be2 Na6 7. Nf3 c5 8. d5 Nc7 9. 0-0 Bg4 10. h3 Bxf3 11. Bxf3 Nd7 12. Be3 Rb8 13. a4 Na6 14. Bf2 Nb4 15. Bg3 b6 16. Qe2 e5 17. dxe6 fxe6 1-0